Countries random facts #1 - Statistics

General Stats
  • This quiz has been taken 17 times
  • The average score is 7 of 10
Answer Stats
Hint Answer % Correct
What river flows through Hungary? Danube
93%
In alphabetical order which is the second country on the list Albania
86%
Sucre is a capital city in which country Bolivia
86%
which country was alsace-Lorraine part of? France
86%
What does the word Sucre means in French? Sugar
86%
Which country has the second most amount of stars in its flag? Brazil
64%
During exploration period in the 14th century which Portuguese sailor was popular for reaching India? Vasco da gama
64%
What countries has had its flag changed the most since the start of the 20th century? Afghanistan
57%
The Democratic Republic of Congo was formerly known as Zaire, in Which FIFA world cup edition did they participate in? 1974
36%
What country has the most amount of first level sub-divisions Slovenia
29%
No matching quizzes found
Score Distribution
Percent of People with Each Score
Percentile by Number Answered
Your Score History
You have not taken this quiz